000 00597cam a2200205 4500500
005 20260405003438.0
041 _afre
042 _adc
100 1 0 _aMorel, François
_eauthor
245 0 0 _aConseil n° 14. Tombons des nues
260 _c2021.
500 _a13
690 _aÉglise
690 _aFrançois Morel
690 _aHumour
690 _aJésus
690 _aPédophilie
786 0 _nPhilosophie magazine | 155 | 12 | 2021-12-01 | p. 72-73 | 1951-1787
856 4 1 _uhttps://shs.cairn.info/magazine-philosophie-magazine-2021-12-1-page-72?lang=fr&redirect-ssocas=7080
999 _c2067584
_d2067584